NetWorker

Na minha lista:
Detalhes bibliográficos
Formato: Periódico
Publicado em: 2001
Tags: Adicionar Tag
Sem tags, seja o primeiro a adicionar uma tag!

MARC

LEADER 00000nas a22000003a 4500
001 stu74646
005 20141121224618.9
008 020306s2001----------------------------d
040 |a STU  |b slo 
041 0
245 |a NetWorker 
260 |c 2001 
500 |a 1-4 
500 |a 4 
773 0 |t NetWorker :  |w stu_us_cat*stu72245  |x 1091-3556  |7 nnas 
996 |d Vol. 5, 2001  |v Vol. 5  |y 2001  |l EE0103  |s A  |a 24  |w stu74646_0001